| 000 | 00000nam##2200000za#4500 |
| 001 | 9.570825 |
| 003 | CaOODSP |
| 005 | 20210624182428 |
| 007 | cr ||||||||||| |
| 008 | 150406|2008||||xxc|||||o f|0| 0 eng|d |
| 022 | |a1919-5087 |
| 040 | |aCaOODSP|beng |
| 043 | |an-cn--- |
| 086 | 1 |aFs70-6/2008-024E-PDF |
| 110 | 1 |aCanada. |bDepartment of Fisheries and Oceans. |bMaritimes Region. |
| 245 | 10|aRecovery potential assessment for cusk (Brosme brosme) |h[electronic resource] |
| 246 | 1 |aMaritimes Region - cusk RPA |
| 250 | |aRev. August 2008 |
| 260 | |aDartmouth - Nova Scotia : |bFisheries and Oceans Canada. |cJuly 2008. |
| 300 | |a11p.|bcoloured illus., graphs, map, references, tables |
| 490 | 1 |aCanadian Science Advisory Secretariat science advisory report |x1919-5087|v2008/024, Maritimes Region |
| 590 | |a11-21-Supp|b2011-09-30 |
| 775 | 08|tÉvaluation du potentiel de rétablissement du brosme (Brosme brosme) |w(CaOODSP)9.601469 |
| 830 | #0|aScience advisory report (Canadian Science Advisory Secretariat)|x1919-5087|v2008/024, Maritimes Region|w(CaOODSP)9.506226 |
| 856 | 40|ahttp://publications.gc.ca|qPDF|s136 KB|uhttps://publications.gc.ca/collections/collection_2011/mpo-dfo/Fs70-6-2008-024-eng.pdf|y2008/024, Maritimes Region |